[Event "33. Senioren LEM Sachsen-Anhalt 65+"]
[Site "Magdeburg, Germany"]
[Date "2025.07.09"]
[Round "3.1"]
[White "Kahe, Ralph"]
[Black "Waltenberger, Udo"]
[Result "1/2-1/2"]
[WhiteElo "2149"]
[BlackElo "2012"]
[PlyCount "98"]
[EventDate "2025.??.??"]

1. d4 Nf6 2. c4 g6 3. Nc3 d5 4. Bf4 Bg7 5. Rc1 O-O 6. e3 Be6 7. Qb3 Nc6 8. Qxb7
Na5 9. Qxc7 Nxc4 10. Qxd8 Rfxd8 11. b3 Nd6 12. Bd3 Rac8 13. Nge2 Nh5 14. Bg5 f6
15. Bh4 g5 16. Bg3 Nxg3 17. hxg3 f5 18. Na4 Rxc1+ 19. Nxc1 Ne4 20. Ne2 Bd7 21.
Nac3 e6 22. f3 Nxc3 23. Nxc3 Rc8 24. Ne2 h6 25. Kf2 Bf8 26. Rc1 Rxc1 27. Nxc1
Ba3 28. Ne2 Kf7 29. Ke1 Bb4+ 30. Kd1 Ke7 31. Kc2 Kd6 32. Nc3 Kc7 33. Kb2 Kb6
34. a3 Bd6 35. f4 a5 36. Nb1 Be8 37. Kc3 Bf7 38. b4 Be8 39. Kb3 axb4 40. axb4
Bh5 41. Nc3 Be8 42. Ka3 Be7 43. Bc2 Bb5 44. Ba4 Bxa4 45. Kxa4 gxf4 46. gxf4 Bh4
47. Kb3 Bf2 48. Nd1 Be1 49. Ka4 Bd2 1/2-1/2

[Event "33. Senioren LEM Sachsen-Anhalt 65+"]
[Site "Magdeburg, Germany"]
[Date "2025.07.09"]
[Round "3.2"]
[White "Stern, Geoffrey"]
[Black "Koehler, Gerhard"]
[Result "0-1"]
[WhiteElo "1974"]
[BlackElo "2147"]
[PlyCount "146"]
[EventDate "2025.??.??"]

1. d4 e6 2. e4 d5 3. exd5 exd5 4. Bd3 Nf6 5. Ne2 c5 6. c3 Nc6 7. O-O Bd6 8. h3
O-O 9. dxc5 Bxc5 10. Nd2 Re8 11. Nb3 Bb6 12. Bg5 Qd6 13. Qc2 Ne4 14. Bf4 Qf6
15. Be3 Bc7 16. Bd4 Qd6 17. f4 Qg6 18. Bxe4 dxe4 19. Kh1 Nxd4 20. Nbxd4 a6 21.
Rad1 b6 22. Qd2 Bb7 23. Qe3 Rad8 24. Rd2 h5 25. Rdd1 Bd5 26. b3 Bb7 27. Rd2 Qd6
28. Ng3 g6 29. Nge2 h4 30. Rfd1 Qf6 31. Rf1 Kg7 32. Kg1 b5 33. Rfd1 Bb6 34. Rf1
Re7 35. a3 Red7 36. Rfd1 Qe7 37. Ra1 Kg8 38. Kh1 Bd5 39. Rb2 Bc5 40. b4 Ba7 41.
Rd2 Bc4 42. Rad1 f5 43. Nc6 Bxe3 44. Nxe7+ Rxe7 45. Rxd8+ Kf7 46. Nd4 Bxf4 47.
Nc6 e3 48. Nxe7 Kxe7 49. Ra8 e2 50. Re1 Bd2 51. Rxe2+ Bxe2 52. Rxa6 Bxc3 53.
Rxg6 Bb2 54. Ra6 Bd1 55. Rh6 Bxa3 56. Rxh4 Be2 57. Rf4 Ke6 58. g4 Bc4 59. Rxf5
Bxb4 60. h4 Bc3 61. h5 b4 62. Rc5 Bd5+ 63. Kh2 Bd2 64. Rb5 b3 65. h6 Bc3 66. g5
b2 67. g6 Kf6 68. Rb6+ Kg5 69. g7 Bg8 70. Kh3 Bd4 71. Rb5+ Kxh6 72. Kg3 Kxg7
73. Kf4 Bh7 0-1

[Event "33. Senioren LEM Sachsen-Anhalt 65+"]
[Site "Magdeburg, Germany"]
[Date "2025.07.09"]
[Round "3.3"]
[White "Babrikowski, Peter"]
[Black "Richter, Rainer"]
[Result "1/2-1/2"]
[WhiteElo "2103"]
[BlackElo "1996"]
[PlyCount "34"]
[EventDate "2025.??.??"]

1. e4 c5 2. c3 d5 3. exd5 Qxd5 4. d4 Nc6 5. Nf3 Bf5 6. Be3 cxd4 7. Nxd4 Nxd4 8.
Qxd4 Qxd4 9. Bxd4 Nf6 10. Nd2 Nd7 11. Nf3 f6 12. Rd1 e5 13. Be3 Be6 14. Be2 b6
15. b3 Bc5 16. Bxc5 Nxc5 17. O-O Ke7 1/2-1/2

[Event "33. Senioren LEM Sachsen-Anhalt 65+"]
[Site "Magdeburg, Germany"]
[Date "2025.07.09"]
[Round "3.4"]
[White "Lehr, Thomas"]
[Black "Szenetra, Werner"]
[Result "1/2-1/2"]
[WhiteElo "1944"]
[BlackElo "2095"]
[PlyCount "61"]
[EventDate "2025.??.??"]

1. e4 d6 2. d4 g6 3. Nf3 Bg7 4. Bc4 e6 5. Bb3 Nd7 6. O-O Ne7 7. Re1 O-O 8. Nbd2
c5 9. c3 b5 10. Nf1 Bb7 11. Ng3 a5 12. Be3 a4 13. Bc2 a3 14. b4 cxb4 15. cxb4
d5 16. e5 Nc6 17. Bd3 Ba6 18. Qe2 Nxb4 19. Bg5 Qa5 20. Bd2 Qa4 21. Bxb4 Qxb4
22. Rab1 Qa4 23. Bxb5 Bxb5 24. Qxb5 Qxb5 25. Rxb5 Rfb8 26. Reb1 Rxb5 27. Rxb5
Rb8 28. Rxb8+ Nxb8 29. Ne1 Bf8 30. Nc2 Nc6 31. Kf1 1/2-1/2

[Event "33. Senioren LEM Sachsen-Anhalt 65+"]
[Site "Magdeburg, Germany"]
[Date "2025.07.09"]
[Round "3.5"]
[White "Schober, Ralf"]
[Black "Fabig, Holger"]
[Result "1/2-1/2"]
[WhiteElo "2091"]
[BlackElo "1955"]
[PlyCount "78"]
[EventDate "2025.??.??"]

1. Nc3 b6 2. e4 Bb7 3. d4 e6 4. Bd3 Bb4 5. Nge2 d5 6. O-O dxe4 7. Nxe4 Nf6 8.
N2g3 Nbd7 9. Qe2 Nxe4 10. Nxe4 Nf6 11. Bb5+ c6 12. Bd3 Be7 13. c3 Qc7 14. g3
Nxe4 15. Bxe4 O-O 16. Bf4 Bd6 17. Bxd6 Qxd6 18. f4 Rab8 19. Rad1 Rfd8 20. Kg2
Rd7 21. Bf3 Rbd8 22. Rfe1 g6 23. Kf1 Qc7 24. Qe5 Qxe5 25. dxe5 Rxd1 26. Rxd1
Rxd1+ 27. Bxd1 Kf8 28. Kf2 Ke7 29. Ke3 Kd7 30. Ba4 Kc7 31. g4 Bc8 32. Bc2 Kd8
33. h4 h6 34. b4 Ba6 35. a4 Bc4 36. Be4 Kc7 37. h5 gxh5 38. gxh5 Kd7 39. Bc2
Bd5 1/2-1/2

[Event "33. Senioren LEM Sachsen-Anhalt 65+"]
[Site "Magdeburg, Germany"]
[Date "2025.07.09"]
[Round "3.6"]
[White "Cordes, Lothar"]
[Black "Krueger, Wolfgang"]
[Result "1/2-1/2"]
[WhiteElo "1891"]
[BlackElo "2069"]
[PlyCount "65"]
[EventDate "2025.??.??"]

1. d4 Nf6 2. Nf3 g6 3. c4 Bg7 4. Nc3 O-O 5. e4 d6 6. Be2 e5 7. O-O Nbd7 8. Re1
Re8 9. Bf1 exd4 10. Nxd4 c6 11. f3 a6 12. Be3 Qc7 13. Qd2 Nc5 14. Rad1 Bf8 15.
Bg5 Nfd7 16. Bh6 Be7 17. f4 a5 18. Qf2 f6 19. Qg3 Nf8 20. Kh1 Kf7 21. f5 Nfd7
22. Bf4 Ne5 23. Qh3 Kg8 24. Re3 g5 25. Rg3 Kh8 26. Qh5 Rg8 27. Rh3 Rg7 28. Bxe5
dxe5 29. Qe8+ Rg8 30. Qf7 Rg7 31. Qe8+ Rg8 32. Qf7 Rg7 33. Qe8+ 1/2-1/2

[Event "33. Senioren LEM Sachsen-Anhalt 65+"]
[Site "Magdeburg, Germany"]
[Date "2025.07.09"]
[Round "3.7"]
[White "Heinemann, Ernst"]
[Black "Domroese, Michael"]
[Result "1-0"]
[WhiteElo "2063"]
[BlackElo "1904"]
[PlyCount "43"]
[EventDate "2025.??.??"]

1. c4 g6 2. Nf3 Bg7 3. d4 c5 4. e4 cxd4 5. Nxd4 Nc6 6. Be3 Qb6 7. Nb5 Qa5+ 8.
Bd2 Qb6 9. N1c3 Nf6 10. c5 Qd8 11. Bf4 O-O 12. Bc7 Qe8 13. Bg3 Nh5 14. Nc7 Qd8
15. Nxa8 Nxg3 16. hxg3 Bxc3+ 17. bxc3 d6 18. Qd2 h5 19. Be2 Ne5 20. cxd6 exd6
21. Rd1 Qa5 22. c4 1-0

[Event "33. Senioren LEM Sachsen-Anhalt 65+"]
[Site "Magdeburg, Germany"]
[Date "2025.07.09"]
[Round "3.8"]
[White "Haelsig, Guenter"]
[Black "Okrajek, Alexander"]
[Result "0-1"]
[WhiteElo "1945"]
[BlackElo "2187"]
[PlyCount "106"]
[EventDate "2025.??.??"]

1. Nf3 g6 2. d4 Bg7 3. g3 c5 4. Bg2 cxd4 5. Nxd4 Nc6 6. Nxc6 bxc6 7. O-O Nf6 8.
c4 O-O 9. Nc3 Qa5 10. Bd2 Rb8 11. Rb1 c5 12. a3 Qa6 13. Nb5 d6 14. Qc2 Bb7 15.
Bxb7 Rxb7 16. a4 Qc6 17. Nc3 Rfb8 18. b3 a6 19. Rfd1 Qd7 20. Kg2 Qf5 21. e4 Qh5
22. h3 g5 23. Re1 Qg6 24. f3 h6 25. Nd1 Nd7 26. Bc3 Bxc3 27. Qxc3 Qg7 28. Qc2
Ne5 29. Ne3 Nc6 30. Nf5 Nd4 31. Nxd4 cxd4 32. Qd3 Qe5 33. Re2 Kg7 34. Rd2 Qc5
35. f4 f6 36. f5 Qa5 37. Rc2 Qc5 38. Rd2 Rb4 39. Rdb2 R8b7 40. Qf3 Qe5 41. Kf2
d3 42. Qxd3 Rxa4 43. b4 a5 44. Qd5 Qxd5 45. exd5 axb4 46. Ke3 h5 47. Kd4 Rb8
48. Rb3 Kf7 49. c5 dxc5+ 50. Kxc5 Ra5+ 51. Kc4 Rc8+ 52. Kxb4 Rxd5 53. Rf1 Rb8+
0-1

[Event "33. Senioren LEM Sachsen-Anhalt 65+"]
[Site "Magdeburg, Germany"]
[Date "2025.07.09"]
[Round "3.9"]
[White "Broemel, Richard"]
[Black "Niebuhr, Gerd"]
[Result "1/2-1/2"]
[WhiteElo "2140"]
[BlackElo "1940"]
[PlyCount "42"]
[EventDate "2025.??.??"]

1. d4 Nf6 2. Nf3 g6 3. Bf4 Bg7 4. Nbd2 O-O 5. e3 d6 6. Bc4 b6 7. Qe2 Bb7 8. h4
Nbd7 9. Rg1 Re8 10. O-O-O e5 11. dxe5 dxe5 12. Bh2 Qe7 13. g4 Rad8 14. h5 Rf8
15. hxg6 hxg6 16. g5 Ne4 17. Nh4 Kh7 18. Rg4 Nxd2 19. Rxd2 Nc5 20. Rxd8 Rxd8
21. e4 Ne6 1/2-1/2

[Event "33. Senioren LEM Sachsen-Anhalt 65+"]
[Site "Magdeburg, Germany"]
[Date "2025.07.09"]
[Round "3.10"]
[White "Poetke, Dan-Peter"]
[Black "Fischer, Emil"]
[Result "0-1"]
[WhiteElo "1936"]
[BlackElo "2112"]
[PlyCount "76"]
[EventDate "2025.??.??"]

1. d4 f5 2. Nf3 Nf6 3. Bf4 g6 4. c4 Bg7 5. Nc3 d6 6. e3 O-O 7. Be2 Nc6 8. O-O
Nh5 9. d5 Nxf4 10. exf4 Nb8 11. Nd4 c5 12. Ne6 Bxe6 13. dxe6 Nc6 14. Bf3 Nd4
15. Bd5 Rb8 16. Rb1 Qa5 17. a4 a6 18. Re1 Bf6 19. Qd2 Qb4 20. Qd3 Kg7 21. Qd1
b5 22. axb5 axb5 23. Nxb5 Nxb5 24. cxb5 Rxb5 25. b3 Qxf4 26. Bc4 Ra5 27. Qc1
Qd4 28. Qe3 Ra2 29. Qxd4 Bxd4 30. Re2 Rfa8 31. Kf1 Kf6 32. f4 Rxe2 33. Kxe2
Ra2+ 34. Kf3 Rf2+ 35. Kg3 h5 36. h4 Rc2 37. Rf1 Bc3 38. Rf2 Be1 0-1

[Event "33. Senioren LEM Sachsen-Anhalt 65+"]
[Site "Magdeburg, Germany"]
[Date "2025.07.09"]
[Round "3.11"]
[White "Albert, Gerhard"]
[Black "Stuemer, Paul"]
[Result "0-1"]
[WhiteElo "1875"]
[BlackElo "2076"]
[PlyCount "34"]
[EventDate "2025.??.??"]

1. e4 c5 2. c3 b6 3. d4 Bb7 4. f3 Nf6 5. Bc4 e6 6. Ne2 Be7 7. d5 exd5 8. exd5
d6 9. Bb5+ Nbd7 10. Bxd7+ Qxd7 11. c4 b5 12. b3 Nxd5 13. cxd5 Bf6 14. Qc2 Bxa1
15. Bb2 Bxb2 16. Qxb2 O-O 17. O-O Bxd5 0-1

[Event "33. Senioren LEM Sachsen-Anhalt 65+"]
[Site "Magdeburg, Germany"]
[Date "2025.07.09"]
[Round "3.12"]
[White "Bauer, Burkhard"]
[Black "Klettke, Wolfgang"]
[Result "1/2-1/2"]
[WhiteElo "2023"]
[BlackElo "1924"]
[PlyCount "28"]
[EventDate "2025.??.??"]

1. d4 d5 2. Bf4 Nf6 3. e3 e6 4. Nd2 c5 5. c3 Be7 6. Bd3 O-O 7. Ngf3 Nc6 8. Ne5
Nd7 9. Qh5 f5 10. h4 Qe8 11. Qxe8 Rxe8 12. Nxc6 bxc6 13. O-O-O c4 14. Bc2 Bf6
1/2-1/2

[Event "33. Senioren LEM Sachsen-Anhalt 65+"]
[Site "Magdeburg, Germany"]
[Date "2025.07.09"]
[Round "3.13"]
[White "Gutt, Oswald"]
[Black "Gries, Volker"]
[Result "1/2-1/2"]
[WhiteElo "1909"]
[BlackElo "2006"]
[PlyCount "51"]
[EventDate "2025.??.??"]

1. Nf3 Nf6 2. c4 g6 3. g3 Bg7 4. Bg2 O-O 5. O-O d6 6. Nc3 Nc6 7. d3 e5 8. Rb1
Be6 9. b4 Qc8 10. b5 Nd4 11. Bg5 Bh3 12. Bxf6 Bxf6 13. Nxd4 Bxg2 14. Kxg2 exd4
15. Nd5 Bd8 16. e3 c6 17. Nf4 Bf6 18. e4 Be5 19. Nh3 Bg7 20. f4 Qd7 21. Qf3 f5
22. Nf2 Rae8 23. bxc6 bxc6 24. Rb3 Rb8 25. Rfb1 Rxb3 26. Rxb3 1/2-1/2

[Event "33. Senioren LEM Sachsen-Anhalt 65+"]
[Site "Magdeburg, Germany"]
[Date "2025.07.09"]
[Round "3.14"]
[White "Krueger, Erich"]
[Black "Ellerbrock, Manfred"]
[Result "1-0"]
[WhiteElo "2002"]
[BlackElo "1894"]
[PlyCount "109"]
[EventDate "2025.??.??"]

1. d4 Nf6 2. c4 e6 3. Nc3 d5 4. cxd5 exd5 5. Bg5 Be7 6. e3 O-O 7. Bd3 c6 8. Qc2
h6 9. Bh4 Re8 10. Nf3 Nbd7 11. O-O Ne4 12. Bxe7 Qxe7 13. Rab1 Ndf6 14. b4 Nxc3
15. Qxc3 Ne4 16. Qc2 Bd7 17. Rfc1 a6 18. a4 g5 19. Ne5 f6 20. Nxd7 Qxd7 21. b5
cxb5 22. axb5 Rac8 23. Qb2 Rxc1+ 24. Rxc1 Rc8 25. bxa6 bxa6 26. Bxa6 Rxc1+ 27.
Qxc1 Qa4 28. Bd3 Qa2 29. Bxe4 dxe4 30. g4 Qe6 31. h3 h5 32. Qd1 h4 33. d5 Qd6
34. Qd4 Qe5 35. Qxe5 fxe5 36. f3 exf3 37. e4 Kf7 38. Kf2 Ke7 39. Kxf3 Kd6 40.
Ke3 Kc5 41. Kd3 Kb5 42. Kc2 Kc5 43. Kc3 Kb5 44. Kb3 Kc5 45. Ka4 Kd4 46. d6 Kxe4
47. d7 Kf4 48. d8=Q e4 49. Qf6+ Kg3 50. Qxg5 Kxh3 51. Qf4 e3 52. g5 e2 53. Qe3+
Kg4 54. g6 h3 55. Qxe2+ 1-0

[Event "33. Senioren LEM Sachsen-Anhalt 65+"]
[Site "Magdeburg, Germany"]
[Date "2025.07.09"]
[Round "3.15"]
[White "Kopp, Peter"]
[Black "Just, Joachim"]
[Result "1-0"]
[WhiteElo "1988"]
[BlackElo "1887"]
[PlyCount "113"]
[EventDate "2025.??.??"]

1. g3 d5 2. Bg2 Nf6 3. d3 c6 4. Nd2 g6 5. Ngf3 Bg7 6. e4 e6 7. O-O O-O 8. Re1
Ne8 9. c3 Nd7 10. h4 f5 11. Ng5 Nc5 12. Qe2 dxe4 13. dxe4 Qd3 14. Nb3 Qxe2 15.
Rxe2 Nxb3 16. axb3 h6 17. Nh3 e5 18. f3 Be6 19. b4 Rd8 20. Be3 Bc4 21. Ree1 a6
22. Bb6 Rd2 23. Rab1 Rf7 24. Be3 Rd8 25. b3 Be6 26. Nf2 Nf6 27. Bf1 Nh5 28. g4
Ng3 29. Bc4 Bxc4 30. bxc4 f4 31. Bc1 Bf6 32. g5 hxg5 33. hxg5 Bxg5 34. Ng4 Rh7
35. Nf2 Rhd7 36. b5 Be7 37. bxc6 bxc6 38. Rb6 Bc5 39. Rxc6 Bxf2+ 40. Kxf2 Kf7
41. Rxa6 Rh8 42. Kg2 g5 43. c5 g4 44. Rd6 gxf3+ 45. Kxf3 Rxd6 46. cxd6 Ke6 47.
Ba3 Rc8 48. Bb4 Rc4 49. Rd1 Kd7 50. Ra1 Nxe4 51. Ra7+ Kc8 52. d7+ Kb8 53. d8=Q+
Kxa7 54. Qa5+ Kb7 55. Qb5+ Ka8 56. Qxe5 Nd2+ 57. Kf2 1-0

[Event "33. Senioren LEM Sachsen-Anhalt 65+"]
[Site "Magdeburg, Germany"]
[Date "2025.07.09"]
[Round "3.16"]
[White "De Boer, Albert"]
[Black "McAndrew, Robert"]
[Result "1/2-1/2"]
[WhiteElo "1865"]
[BlackElo "1978"]
[PlyCount "46"]
[EventDate "2025.??.??"]

1. e4 c5 2. a3 g6 3. h4 Nc6 4. Bc4 Nf6 5. Nc3 d6 6. Rb1 a6 7. b4 Bg7 8. bxc5
dxc5 9. Nge2 O-O 10. d3 b5 11. Bd5 Nxd5 12. Nxd5 e6 13. Ne3 f5 14. exf5 exf5
15. Nf4 Ra7 16. Qf3 Ne7 17. h5 g5 18. Nfd5 g4 19. Nxe7+ Rxe7 20. Qf4 Bf6 21.
O-O Be5 22. Qg5+ Rg7 23. Qxd8 Rxd8 1/2-1/2

[Event "33. Senioren LEM Sachsen-Anhalt 65+"]
[Site "Magdeburg, Germany"]
[Date "2025.07.09"]
[Round "3.17"]
[White "Broeder, Hans Gert"]
[Black "Reinhold, Klaus"]
[Result "1/2-1/2"]
[WhiteElo "1804"]
[BlackElo "1969"]
[PlyCount "28"]
[EventDate "2025.??.??"]

1. e4 e5 2. Nf3 Nc6 3. Nc3 Nf6 4. d4 exd4 5. Nd5 Nb4 6. Bc4 Nbxd5 7. exd5 Bb4+
8. Bd2 Qe7+ 9. Qe2 Bxd2+ 10. Kxd2 Qxe2+ 11. Kxe2 d6 12. Nxd4 O-O 13. Rhe1 Bd7
14. Kf1 Rfe8 1/2-1/2

[Event "33. Senioren LEM Sachsen-Anhalt 65+"]
[Site "Magdeburg, Germany"]
[Date "2025.07.09"]
[Round "3.18"]
[White "Birken, Michael"]
[Black "Reimann, Reinhold"]
[Result "1/2-1/2"]
[WhiteElo "1967"]
[BlackElo "1879"]
[PlyCount "38"]
[EventDate "2025.??.??"]

1. e4 e6 2. d4 d5 3. exd5 exd5 4. Nf3 Nf6 5. Bd3 Bd6 6. O-O O-O 7. Bg5 Bg4 8.
c3 Nbd7 9. Nbd2 c6 10. Qc2 Qc7 11. h3 Bh5 12. Rfe1 Rfe8 13. Nh4 Bf4 14. Bxf4
Qxf4 15. g3 Qd6 16. Kg2 Bg6 17. Nf5 Bxf5 18. Bxf5 g6 19. Bxd7 Qxd7 1/2-1/2

[Event "33. Senioren LEM Sachsen-Anhalt 65+"]
[Site "Magdeburg, Germany"]
[Date "2025.07.09"]
[Round "3.19"]
[White "Gehlen, Bernd"]
[Black "Mikolajewski, Armin"]
[Result "1-0"]
[WhiteElo "1531"]
[BlackElo "1964"]
[PlyCount "109"]
[EventDate "2025.??.??"]

1. e4 e5 2. Nf3 Nc6 3. Bc4 Nf6 4. Ng5 d5 5. exd5 b5 6. Bf1 Qxd5 7. Nc3 Qc5 8.
Bxb5 Bd7 9. d3 Be7 10. Bc4 O-O 11. Nce4 Qb6 12. Nxf6+ Bxf6 13. Ne4 Be7 14. O-O
Na5 15. Bb3 Nxb3 16. axb3 Qg6 17. Qf3 Bc6 18. Qg3 Bxe4 19. dxe4 Qxe4 20. Qc3
Bd6 21. Ra6 Qb7 22. Qc4 Rfe8 23. Be3 Re6 24. Rfa1 Rg6 25. g3 h6 26. Rxa7 Rxa7
27. Rxa7 Qf3 28. Ra4 Kh7 29. Qe4 Qh5 30. Kg2 Qd1 31. b4 h5 32. h4 Qg4 33. Qxg4
Rxg4 34. c3 f5 35. f3 Rg6 36. Kf2 f4 37. gxf4 exf4 38. Bc5 Be5 39. b5 Rf6 40.
Bd4 Rf5 41. Bxe5 Rxe5 42. c4 Kg6 43. b4 Re7 44. Ra6+ Kf5 45. b6 cxb6 46. Rxb6
Rd7 47. Rb5+ Kf6 48. Rxh5 Rd2+ 49. Ke1 Rb2 50. b5 Rb3 51. Rd5 Rxf3 52. b6 Rb3
53. Rb5 Re3+ 54. Kf2 Re8 55. b7 1-0

[Event "33. Senioren LEM Sachsen-Anhalt 65+"]
[Site "Magdeburg, Germany"]
[Date "2025.07.09"]
[Round "3.20"]
[White "Barten, Ralf"]
[Black "Stummeyer, Dieter"]
[Result "1-0"]
[WhiteElo "1955"]
[BlackElo "1865"]
[PlyCount "85"]
[EventDate "2025.??.??"]

1. Nf3 c5 2. c4 Nc6 3. d4 cxd4 4. Nxd4 g6 5. Nc3 Bg7 6. e3 d6 7. Be2 Nf6 8. O-O
O-O 9. a3 Bd7 10. Qc2 Rc8 11. Nxc6 Rxc6 12. Bf3 Rxc4 13. Bxb7 Qc7 14. Bf3 Ng4
15. Qd1 Ne5 16. Be2 Rc5 17. Nd5 Qd8 18. b4 Rc8 19. Ra2 e6 20. Nf4 Bc6 21. Rd2
d5 22. Bb2 g5 23. Bxe5 Bxe5 24. Nd3 Bb8 25. Nc5 Qd6 26. g3 f5 27. f4 gxf4 28.
exf4 a5 29. Bf3 axb4 30. axb4 Ba7 31. Kg2 Bxc5 32. bxc5 Qxc5 33. Re1 Bd7 34.
Qe2 Rf6 35. Qe5 Qc3 36. Qe2 Bb5 37. Qd1 Rc6 38. Rxd5 exd5 39. Qxd5+ Kg7 40.
Re7+ Kh6 41. Qxb5 Rb6 42. Qd7 Rb2+ 43. Kh3 1-0

[Event "33. Senioren LEM Sachsen-Anhalt 65+"]
[Site "Magdeburg, Germany"]
[Date "2025.07.09"]
[Round "3.21"]
[White "Heise, Juergen"]
[Black "Vonach, Bernhard"]
[Result "1-0"]
[WhiteElo "1947"]
[BlackElo "1831"]
[PlyCount "67"]
[EventDate "2025.??.??"]

1. b3 e5 2. Bb2 f6 3. e3 d6 4. d4 c5 5. Bd3 Ne7 6. Ne2 Ng6 7. O-O Nc6 8. c3 f5
9. Ng3 e4 10. Bc4 d5 11. Be2 cxd4 12. cxd4 Bd6 13. Nc3 O-O 14. Nxd5 Bxg3 15.
hxg3 Kh8 16. Nf4 Nxf4 17. gxf4 Be6 18. g3 Bd5 19. Kg2 g5 20. fxg5 Qxg5 21. f4
exf3+ 22. Bxf3 f4 23. exf4 Rxf4 24. Bc1 Rxf3 25. Bxg5 Rd3+ 26. Kh2 Rxd1 27.
Raxd1 Kg7 28. Bf6+ Kg6 29. Be5 Re8 30. Rde1 Rg8 31. Rf6+ Kh5 32. Ref1 Rg6 33.
R6f5+ Rg5 34. Bf6 1-0

[Event "33. Senioren LEM Sachsen-Anhalt 65+"]
[Site "Magdeburg, Germany"]
[Date "2025.07.09"]
[Round "3.22"]
[White "Ruether, Rudolf"]
[Black "Mertens, Lothar"]
[Result "1-0"]
[WhiteElo "2071"]
[BlackElo "1709"]
[PlyCount "97"]
[EventDate "2025.??.??"]

1. d4 Nf6 2. c4 e6 3. Nc3 d5 4. Bg5 Be7 5. e3 h6 6. Bh4 c6 7. Nf3 Nbd7 8. Rc1
O-O 9. Bd3 dxc4 10. Bxc4 Nd5 11. Bg3 Nxc3 12. bxc3 a6 13. O-O b5 14. Bd3 Bb7
15. Qe2 c5 16. e4 cxd4 17. cxd4 Re8 18. Bc7 Qc8 19. Rc2 Nb8 20. Ne5 Nc6 21. Bb6
Nxd4 22. Bxd4 Qd8 23. Be3 Qd6 24. Nf3 Red8 25. Rd2 Qb4 26. e5 Qc3 27. Bb1 Bxf3
28. Rxd8+ Rxd8 29. Qxf3 Qxe5 30. g3 b4 31. Qb7 Bc5 32. Bxc5 Qxc5 33. Qxa6 g6
34. Qe2 Rd5 35. Bc2 Qc3 36. Bb3 Re5 37. Qc4 Qd2 38. Qc2 Qd6 39. Rd1 Qe7 40. Qd3
Kg7 41. Qd4 Qf6 42. Qxb4 Re2 43. Rf1 h5 44. Qf4 Qb2 45. Rd1 h4 46. Qd4+ Qxd4
47. Rxd4 h3 48. Kf1 Rb2 49. Rh4 1-0

[Event "33. Senioren LEM Sachsen-Anhalt 65+"]
[Site "Magdeburg, Germany"]
[Date "2025.07.09"]
[Round "3.23"]
[White "Boettcher, Frank"]
[Black "Kolthoff, Siegmund"]
[Result "1/2-1/2"]
[WhiteElo "1849"]
[BlackElo "2063"]
[PlyCount "45"]
[EventDate "2025.??.??"]

1. d4 Nf6 2. Nf3 c5 3. c4 cxd4 4. Nxd4 e6 5. Nc3 b6 6. Bf4 a6 7. e4 d6 8. e5
dxe5 9. Qf3 Ra7 10. Bxe5 Bb7 11. Bxf6 gxf6 12. Qg3 Qd6 13. O-O-O Qxg3 14. hxg3
Nd7 15. f3 f5 16. Bd3 Bg7 17. Bc2 Ne5 18. b3 Nc6 19. Nxc6 Bxc6 20. Ne2 Rd7 21.
Nf4 Ke7 22. g4 Bd4 23. Nd5+ 1/2-1/2

[Event "33. Senioren LEM Sachsen-Anhalt 65+"]
[Site "Magdeburg, Germany"]
[Date "2025.07.09"]
[Round "3.24"]
[White "Kliewe, Hans-Juergen"]
[Black "Sauter, Arthur"]
[Result "1-0"]
[WhiteElo "2045"]
[BlackElo "1841"]
[PlyCount "47"]
[EventDate "2025.??.??"]

1. d4 c5 2. c3 e6 3. Nf3 Nc6 4. e4 d5 5. e5 Qb6 6. Be2 f6 7. exf6 Nxf6 8. O-O
Bd6 9. a3 a5 10. a4 O-O 11. Na3 cxd4 12. cxd4 Na7 13. Bd3 Bd7 14. Qe2 Bxa4 15.
Qxe6+ Kh8 16. Qh3 Rae8 17. Bxh7 g5 18. Bg6+ Kg8 19. Bxg5 Re7 20. Rae1 Rg7 21.
Bf5 Qxb2 22. Be6+ Rff7 23. Bxf6 Rh7 24. Bxf7+ 1-0

[Event "33. Senioren LEM Sachsen-Anhalt 65+"]
[Site "Maritim-Hotel Magdeburg"]
[Date "2025.07.09"]
[Round "3.25"]
[White "Bosveld, Henk"]
[Black "Schmidt, Joerg"]
[Result "1/2-1/2"]
[WhiteElo "1846"]
[BlackElo "2044"]
[PlyCount "22"]
[EventDate "2025.07.07"]
[BlackTeam "Schachclub Rote Rueben Leipzig"]

1. c4 e5 2. g3 g6 3. Bg2 Bg7 4. Nc3 Ne7 5. Rb1 O-O 6. b4 d6 7. e3 f5 8. Nge2
Nd7 9. d3 c6 10. O-O Nf6 11. d4 Qc7 1/2-1/2

[Event "33. Senioren LEM Sachsen-Anhalt 65+"]
[Site "Maritim-Hotel Magdeburg"]
[Date "2025.07.09"]
[Round "3.26"]
[White "Jaekel, Michael"]
[Black "Dobierzin, Olaf"]
[Result "1/2-1/2"]
[WhiteElo "1819"]
[BlackElo "1932"]
[PlyCount "48"]
[EventDate "2025.07.07"]
[WhiteTeam "Schach-Drachen Isernhagen"]
[BlackTeam "Schachgemeinschaft Leipzig"]

1. e4 c5 2. Nf3 d6 3. b4 cxb4 4. a3 bxa3 5. d4 d5 6. e5 e6 7. c3 Nc6 8. Nxa3 f6
9. Bb5 Bd7 10. O-O fxe5 11. Bxc6 bxc6 12. Nxe5 Nf6 13. c4 Be7 14. c5 O-O 15.
Nc2 Qc7 16. Qe2 Ne4 17. f3 Nc3 18. Qe1 Nb5 19. Bd2 Bf6 20. Bf4 Qc8 21. Qg3 a5
22. Rfd1 Qd8 23. Ne3 Bh4 24. Qg4 Bf6 1/2-1/2

[Event "33. Senioren LEM Sachsen-Anhalt 65+"]
[Site "Maritim-Hotel Magdeburg"]
[Date "2025.07.09"]
[Round "3.27"]
[White "Ehlert, Horst"]
[Black "Brandt, Joachim"]
[Result "1/2-1/2"]
[WhiteElo "1928"]
[BlackElo "1818"]
[PlyCount "108"]
[EventDate "2025.07.07"]
[WhiteTeam "SV Laatzen"]
[BlackTeam "UNION 1861 Schoenebeck"]

1. c4 e6 2. g3 f5 3. Bg2 Nf6 4. Nf3 Be7 5. O-O O-O 6. Nc3 c6 7. d4 d5 8. Ne5
Nbd7 9. f4 Ne4 10. Nxe4 fxe4 11. e3 Nf6 12. Bd2 Bd7 13. b4 Be8 14. Qb3 a6 15.
a4 dxc4 16. Qxc4 Qd5 17. Bh3 Qxc4 18. Nxc4 Bf7 19. Ne5 Nd5 20. Rfb1 Bd6 21.
Nxf7 Kxf7 22. Bg2 Nf6 23. h3 h5 24. Kf2 Ke7 25. Ke2 Rg8 26. h4 Rgc8 27. Kd1 b5
28. axb5 axb5 29. Kc2 Bc7 30. Kb3 Kd6 31. Re1 Bb6 32. Bh3 g6 33. Rg1 Kd5 34.
Rxa8 Rxa8 35. g4 Rg8 36. gxh5 gxh5 37. Rxg8 Nxg8 38. f5 exf5 39. Bxf5 Nf6 40.
Bg6 Bc7 41. Bf7+ Kd6 42. Be1 Ke7 43. Bg6 Bh2 44. Kc2 Bg1 45. Kd2 Bh2 46. Ke2
Bd6 47. Kf2 Ng4+ 48. Ke2 Nf6 49. Bf5 Kd8 50. Kf2 Bh2 51. Kg2 Bd6 52. Kf2 Bh2
53. Bc3 Bd6 54. Be1 Bh2 1/2-1/2

[Event "33. Senioren LEM Sachsen-Anhalt 65+"]
[Site "Maritim-Hotel Magdeburg"]
[Date "2025.07.09"]
[Round "3.28"]
[White "Roth, Heinz-Georg"]
[Black "Hess, Juergen"]
[Result "1-0"]
[WhiteElo "1808"]
[BlackElo "1928"]
[PlyCount "31"]
[EventDate "2025.07.07"]
[WhiteTeam "SC Lindau"]
[BlackTeam "SG Arnstadt-Stadtilm"]

1. e4 e5 2. Nf3 Nc6 3. Nc3 Nf6 4. d4 exd4 5. Nd5 Nb4 6. Nxf6+ Qxf6 7. Bc4 Nc6
8. O-O Bd6 9. Re1 O-O 10. Bd3 h6 11. a3 a6 12. Qe2 Re8 13. Bd2 Bc5 14. e5 Nxe5
15. Nxe5 d6 16. Ng4 1-0

[Event "33. Senioren LEM Sachsen-Anhalt 65+"]
[Site "Maritim-Hotel Magdeburg"]
[Date "2025.07.09"]
[Round "3.30"]
[White "Krien, Hartmut"]
[Black "Geyler, Stefan"]
[Result "1-0"]
[WhiteElo "1924"]
[BlackElo "1802"]
[PlyCount "73"]
[EventDate "2025.07.07"]
[WhiteTeam "Schachklub Heidenau"]
[BlackTeam "BSG 1827 Eckbauer"]

1. e4 c5 2. b3 d6 3. Bb2 e5 4. Bc4 Nf6 5. d3 Be7 6. Ne2 O-O 7. O-O Nc6 8. h3 a6
9. a4 Rb8 10. Nbc3 Nd4 11. Nxd4 exd4 12. Nd5 Nxd5 13. Bxd5 Be6 14. Bxe6 fxe6
15. f4 Bf6 16. Qg4 Qe7 17. Bc1 Rbe8 18. Bd2 g6 19. Rab1 Bg7 20. b4 b6 21. bxc5
bxc5 22. Rb6 Rb8 23. Rfb1 Rxb6 24. Rxb6 Ra8 25. e5 dxe5 26. Rxe6 Qd7 27. Rxa6
Rd8 28. Qxd7 Rxd7 29. Rc6 e4 30. dxe4 d3 31. c3 Bf8 32. a5 Rb7 33. Kf2 Rb2 34.
Ke3 Ra2 35. a6 c4 36. Rxc4 Rxa6 37. Kxd3 1-0